000 00281 a2200109 4500
001 55624
082 _a923.25491 ZAI
090 _c34508
_d34508
100 _aZaidi, Z. H.
245 _aJinnah Papers: Pakistan in the making
260 _aIslamabad
_bPublishers United Ltd
_c1996
942 _aNUST-CAE
_k923.25491 ZAI
999 _c290697
_d290697